Ricostruisci la Carriera dell'Allenatore - Europa - Quiz n°1 - Statistics

Statistiche generali
  • Questo quiz è stato fatto 16 volte
  • Il punteggio medio è 11 su 16
Statistiche sulle risposte
Allenatore Carriera Calciatore % Corretto
Luis Enrique Barcellona B 2008-2011, Roma 2011-2012, Celta Vigo 2013-2014, .......... 2014-2017, Spagna 2018-2022 Barcellona
100%
Erik ten Hag Go Ahead Eagles 2012-2013, Bayern Monaco II 2013-2015, Utrecht 2015-2017, .......... 2017-2022, Manchester United 2022- Ajax
93%
Mikel Arteta .......... 2019- Arsenal
93%
Josep Guardiola Barcellona B 2007-2008, Barcellona 2008-2012, .......... 2013-2016, Manchester City 2016- Bayern Monaco
87%
José Mourinho Benfica 2000, União Leiria 2001-2002, .......... 2002-2004, Chelsea 2004-2007, Inter 2008-2010, Real Madrid 2010-2013, Chelsea 2013-2015, Manchester United 2016-2018, Tottenham 2019-2021, Roma 2021- Porto
87%
Julian Nagelsmann Hoffenheim 2016-2019, .......... 2019-2021, Bayern Monaco 2021- Red Bull Lipsia
87%
Nils Liedholm Milan 1964-1966, Hellas Verona 1966-1968, Monza 1968-1969, Varese 1969-1971, Fiorentina 1971-1973, Roma 1973-1977, Milan 1977-1979, .......... 1979-1984, Milan 1984-1987, Roma 1987-1989, Hellas Verona 1992, Roma 1997 Roma
80%
Didier Deschamps Monaco 2001-2005, .......... 2006-2007, Olympique Marsiglia 2009-2012, Francia 2012- Juventus
67%
Paulo Fonseca 1 Dezembro 2007-2008, Odivelas 2008-2009, Pinhalnovense 2009-2011, Desportivo Aves 2011-2012, Paços de Ferreira 2012-2013, Porto 2013-2014, Paços de Ferreira 2014-2015, Sporting Braga 2015-2016, .......... 2016-2019, Roma 2019-2021, Lilla 2022- Shakhtar Donetsk
67%
Julen Lopetegui Rayo Vallecano 2003, Real Madrd Castilla 2008-2009, Spagna Under-19 2010-2013, Spagna Under-20 2010-2013, Spagna Under-21 2013-2014, Porto 2014-2016, Spagna 2016-2018, Real Madrid 2018, .......... 2019-2022, Wolverhampton 2022- Siviglia
67%
Nuno Espírito Santo Rio Ave 2012-2014, Valencia 2014-2015, Porto 2016-2017, .......... 2017-2021, Tottenham 2021, Al-Ittihād 2022- Wolverhampton
60%
Mircea Lucescu Corvinul Hunedoara 1982-1983, Romania 1981-1986, Dinamo Bucarest 1985-1990, Pisa 1990-1991, Brescia 1991-1995, Brescia 1995-1996, Reggiana 1996, Rapid Bucarest 1997-1998, .......... 1998-1999, Rapid Bucarest 1999-2000, Galatasaray 2000-2002, Beşiktaş 2002-2004, Shakhtar Donetsk 2004-2016, Zenit San Pietroburgo 2016-2017, Turchia 2017-2019, Dinamo Kiev 2020- Inter
53%
Brendan Rodgers Watford 2008-2009, Reading 2009, Swansea City 2010-2012, .......... 2012-2015, Celtic 2016-2019, Leicester City 2019- Liverpool
53%
Laurent Blanc Bordeaux 2007-2010, Francia 2010-2012, .......... 2013-2016, Al-Rayyan 2020-2022, Olympique Lione 2022- Paris Saint-Germain
53%
Luis Aragonés Atletico Madrid 1974-1978, Atletico Madrid 1978, Atletico Madrid 1979-1980, Betis Siviglia 1981, Atletico Madrid 1982-1986, Atletico Madrid 1987, Barcellona 1987-1988, Espanyol 1990-1991, Atletico Madrid 1991-1993, Siviglia 1993-1995, Valencia 1995-1997, Betis Siviglia 1997-1998, Real Oviedo 1999-2000, Maiorca 2000-2001, Atletico Madrid 2002-2003, Maiorca 2003-2004, .......... 2004-2008, Fenerbahçe Spagna
47%
Jupp Heynckes Borussia Mönchengladbach 1979-1987, Bayern Monaco 1987-1991, Athletic Bilbao 1992-1994, Eintracht Francoforte 1994-1995, Tenerife 1995-1997, .......... 1997-1998, Benfica 1999-2000, Athletic Bilbao 2001-2003, Schalke 04 2003-2004, Borussia Mönchengladbach 2006-2007, Bayern Monaco 2009, Bayer Leverkusen 2009-2011, Bayern Monaco 2011-2013, Bayern Monaco 2017-2018 Real Madrid
27%
Nessun quiz corrispondente trovato
Distribuzione punteggi
Percentuale di utenti per punteggio
Percentile per numero di risposta
I tuoi punteggi nel tempo
Non hai fatto questo quiz